000 00281nam a2200109Ia 4500
008 220214s9999 xx 000 0 und d
100 _aRoberts EH
245 0 _aPredicting the storage life of seeds
260 _bSeed Science and Technology
_c1973
300 _a499-514
942 _cRE
999 _c45632
_d45632